00000000nam##2200000za#4500
0019.670851
003CaOODSP
00520210615125757
007ta
008150407|2009||||xxc|||||     f|0| 0 eng|d
020 |a978-0-662-06442-8
040 |aCaOODSP|beng
041 |aeng
041 |afre
043 |an-cn---
0861 |aA114-36/2009
1101 |aCanada.|bAgriculture and Agri-Food Canada. |bRural Secretariat.
24510|aCommunity Information Database : |bCanadian community information at your fingertips!
260 |aOttawa - Ontario : |bAgriculture and Agri-Food Canada. |cc2009.
300 |aEnglish text, 1 folded sheet, [3]p. : |bcoloured illus. ; |c22 cm.
563 |aPamphlet
590 |a09-45|b2009-11-06
69007|aDatabases|2gcpds
69007|aDemographic statistics|2gcpds
7760#|tBase de données sur les collectivités : |w(CaOODSP)9.675364
792 |tBase de données sur les collectivités : |efre|w(CaOODSP)9.670852
986 |aAAFC No: 10730B